[Event "HUN-chT2 Erkel 1617"]
[Site "Hungary"]
[Date "2016.11.27"]
[Round "5.12"]
[White "Babella, Balazs"]
[Black "Tompa, Zoltan"]
[Result "0-1"]
[WhiteElo "1144"]
[BlackElo "1326"]
[PlyCount "114"]
[EventDate "2016.09.25"]
[EventType "team-tourn"]
[EventRounds "11"]
[EventCountry "HUN"]
[SourceTitle "EXT 2021"]
[Source "ChessBase"]
[SourceDate "2020.10.23"]
[SourceVersion "1"]
[SourceVersionDate "2020.10.23"]
[SourceQuality "1"]
[WhiteTeam "Szigetszentmiklos"]
[BlackTeam "Fot"]
[WhiteTeamCountry "HUN"]
[BlackTeamCountry "HUN"]

1. d4 d5 2. Nf3 Nf6 3. g3 g6 4. Bg2 Bg7 5. Nc3 0-0 6. 0-0 Nc6 7. Re1 Re8 8. Bf4 Ng4 9. h3 e5 10. Nxe5 Ngxe5 11. Nxd5 g5 12. dxe5 Nxe5 13. Bxg5 f6 14. Nxf6+ Bxf6 15. Qxd8 Bxd8 16. Bxd8 Rxd8 17. Red1 Bf5 18. c4 Nxc4 19. Bd5+ Kg7 20. Bxc4 Bxh3 21. Rd5 c6 22. Rg5+ Kf6 23. f4 Rd2 24. g4 b5 25. Bd3 Re8 26. Rf5+ Ke6 27. Re5+ Kd7 28. Rxe8 Kxe8 29. g5 Bg4 30. Kf2 Rxb2 31. Kg3 Bxe2 32. Bxe2 Rxe2 33. Rc1 Kd7 34. f5 a5 35. Rh1 Re7 36. g6 hxg6 37. fxg6 Ke6 38. Rh7 Kf6 39. Kg4 Rxh7 40. gxh7 Kg7 41. Kf4 a4 42. Ke4 b4 43. Kd3 Kxh7 44. Kc2 Kg7 45. Kb2 Kf7 46. a3 c5 47. axb4 cxb4 48. Ka2 Ke6 49. Kb2 Kd5 50. Kc2 Kc4 51. Kb2 Kd3 52. Ka2 b3+ 53. Kb2 Kc4 54. Ka3 Kc3 55. Kxa4 b2 56. Ka3 b1Q 57. Ka4 Qb4# 0-1

[Event "HUN-chT2 Erkel 1617"]
[Site "Hungary"]
[Date "2016.09.25"]
[Round "1.12"]
[White "Babella, Balazs"]
[Black "Karacsonyi, Kata"]
[Result "0-1"]
[WhiteElo "1144"]
[BlackElo "1498"]
[PlyCount "60"]
[EventDate "2016.09.25"]
[EventType "team-tourn"]
[EventRounds "11"]
[EventCountry "HUN"]
[SourceTitle "EXT 2021"]
[Source "ChessBase"]
[SourceDate "2020.10.23"]
[SourceVersion "1"]
[SourceVersionDate "2020.10.23"]
[SourceQuality "1"]
[WhiteTeam "Szigetszentmiklos"]
[BlackTeam "Budapest Kobanya II"]
[WhiteTeamCountry "HUN"]
[BlackTeamCountry "HUN"]

1. d4 Nf6 2. Nf3 d5 3. g3 e6 4. c3 c5 5. Bg2 Nc6 6. 0-0 Be7 7. Bg5 c4 8. Nbd2 0-0 9. Re1 Nd7 10. Bxe7 Nxe7 11. e4 Rb8 12. exd5 exd5 13. Ne5 b5 14. b4 Rb6 15. Qc2 Nf6 16. Ndf3 Bf5 17. Qc1 Ne4 18. Ng5 Nxg5 19. Qxg5 f6 20. Qf4 fxe5 21. Qxe5 Re6 22. Qf4 Rxe1+ 23. Rxe1 Be4 24. Qh4 Bxg2 25. Qxe7 Qxe7 26. Rxe7 Be4 27. Rxa7 Rf3 28. Kf1 Rxc3 29. a4 Bf3 30. Ke1 Rd3 0-1

[Event "HUN-chT2 Maroczy 1516"]
[Site "Hungary"]
[Date "2016.02.28"]
[Round "6.12"]
[White "Miszler, Levente"]
[Black "Babella, Balazs"]
[Result "1-0"]
[WhiteElo "1963"]
[BlackElo "1114"]
[PlyCount "55"]
[EventDate "2015.10.18"]
[EventType "team-tourn"]
[EventRounds "9"]
[EventCountry "HUN"]
[SourceTitle "EXT 2017"]
[Source "ChessBase"]
[SourceDate "2016.10.25"]
[SourceVersion "1"]
[SourceVersionDate "2016.10.25"]
[SourceQuality "1"]
[WhiteTeam "Toth Laszlo"]
[BlackTeam "Szigetszentmiklos"]
[WhiteTeamCountry "HUN"]
[BlackTeamCountry "HUN"]

1. Nf3 d5 2. g3 Nc6 3. Bg2 Nf6 4. d3 Bf5 5. 0-0 e6 6. Nh4 Bg6 7. Nxg6 hxg6 8. Nd2 Be7 9. c4 0-0 10. a3 a5 11. b3 Re8 12. Bb2 Qd6 13. Qc2 Ng4 14. h3 Nge5 15. d4 dxc4 16. dxe5 Nd4 17. exd6 Nxc2 18. Rac1 cxb3 19. dxe7 Rxe7 20. Nxb3 a4 21. Nd2 Nd4 22. Bxd4 Rd8 23. Be3 c6 24. Ne4 f6 25. Rfd1 Red7 26. Rxd7 Rxd7 27. Nc5 Re7 28. Nxa4 1-0